| 000 | 00806nam a2200217 i 4500 | ||
|---|---|---|---|
| 001 | bg | ||
| 100 | 1 | _aTRYLIŃSKI, Władysław | |
| 245 | 1 | 0 |
_aDrobne mechanizmy i przyrządy precyzyjne : _bpodstawy konstrukcji / _cWładysław Tryliński. |
| 250 | _aWyd. 3 zm. i uaktual. | ||
| 260 |
_aWarszawa : _bWydawnictwa Naukowo-Techniczne, _c1978. |
||
| 300 |
_a535, [1] s. : _b1 fot., rys., wykr. ; _c24 cm. |
||
| 504 | _aBibliogr. przy rozdz. - Indeks. | ||
| 650 | 9 |
_aMechanika precyzyjna _xurządzenia _xbudowa i konstrukcje |
|
| 655 | _aPodręczniki akademickie | ||
| 040 | _cBPK | ||
| 041 | 0 | _apl | |
| 080 | _a621.82/.89:681](075.8) | ||
| 942 | _cKS | ||
| 008 | s pl f |000 0 pol | ||
| 856 |
_uhttp://koha.tu.koszalin.pl/cgi-bin/koha/opac-detail.pl?biblionumber=32990 _yKatalog online BPK |
||
| 999 |
_c32990 _d32990 |
||